000 00572nam a22001937a 4500
005 20240215121746.0
010 _aENG-139272
020 _a9788123020204
_c2300.00
035 _aEN-122804
037 _bDBAD/PUB
082 _a327.54
100 _aMathew , Thomas
_962118
245 _aAbode under the Dome /
_cThomas Mathew
260 _aNew Delhi
_bPublicatiojns Division
_c2015
270 _aSoochna Bhawan ,CGO Complex ,Lodhi Road
_bNew Delhi
300 _a328 p.
_c30cm(hbk)
700 _aKapoor Rajan
_962115
942 _2ddc
_cEN
_h327.54
_mMAT
999 _c200766
_d200766